Sugathakumariyute Kavithakal:Sampoornam (Record no. 6897)

MARC details
000 -LEADER
fixed length control field 00368nam a2200145Ia 4500
008 - FIXED-LENGTH DATA ELEMENTS--GENERAL INFORMATION
fixed length control field 140316s9999 xx 000 0 und d
020 ## - INTERNATIONAL STANDARD BOOK NUMBER
International Standard Book Number 8126412925
082 ## - DEWEY DECIMAL CLASSIFICATION NUMBER
Classification number 811
Item number SUG/SU
100 ## - MAIN ENTRY--PERSONAL NAME
Personal name Sughathakumari
245 ## - TITLE STATEMENT
Title Sugathakumariyute Kavithakal:Sampoornam
260 ## - PUBLICATION, DISTRIBUTION, ETC. (IMPRINT)
Place of publication, distribution, etc. Kottayam
Name of publisher, distributor, etc. D C Books
Date of publication, distribution, etc. 2006
300 ## - PHYSICAL DESCRIPTION
Extent 987
650 ## - SUBJECT ADDED ENTRY--TOPICAL TERM
Topical term or geographic name as entry element Malayalam fiction
942 ## - ADDED ENTRY ELEMENTS (KOHA)
Source of classification or shelving scheme Dewey Decimal Classification
Koha item type Books (General)
Holdings
Withdrawn status Lost status Source of classification or shelving scheme Damaged status Not for loan Home library Current library Shelving location Date acquired Total Checkouts Full call number Barcode Date last seen Date checked out Price effective from Koha item type
    Dewey Decimal Classification     KAU Central Library, Thrissur KAU Central Library, Thrissur General 18/03/2014 2 811 SUG/SU 214785 22/05/2024 22/05/2024 18/03/2014 Books (General)
Kerala Agricultural University Central Library
Thrissur-(Dt.), Kerala Pin:- 680656, India
Ph : (+91)(487) 2372219
E-mail: librarian@kau.in
Website: http://library.kau.in/